|
|
|
|
| LEADER |
01623nam a2200397 a 4500 |
| 001 |
000436413 |
| 003 |
CZ BrMZK |
| 005 |
20150907141048.0 |
| 007 |
ta |
| 008 |
010907s1997 xr a f cze d |
| 015 |
|
|
|a cnb000208974
|
| 020 |
|
|
|a 80-86019-29-2
|
| 035 |
|
|
|a (OCoLC)38296406
|
| 040 |
|
|
|a BOA001
|b cze
|
| 041 |
1 |
|
|a cze
|h eng
|
| 080 |
|
|
|a 398.221(410.523)
|2 MRF
|
| 080 |
|
|
|a 291.13(410.523)
|2 MRF
|
| 100 |
1 |
|
|a MacLeod, Fiona,
|d 1855-1905
|7 jo2004232843
|4 aut
|
| 245 |
1 |
0 |
|a Vítr a vlny :
|b hebridské mýty a legendy /
|c Fiona MacLeodová ; [z angličtiny přeložil Vojtěch Gaja ; verše přeložila Anděla Janoušková ; fotografie Hana Rysová]
|
| 260 |
|
|
|a Praha :
|b Dauphin,
|c 1997
|
| 300 |
|
|
|a 181 s., [8] obrazových příloh ;
|c 20 cm
|
| 490 |
1 |
|
|a Ethnos ;
|v sv. 10
|
| 500 |
|
|
|a Dostupné též v digitální podobě v aplikaci Kramerius
|
| 655 |
|
4 |
|a hebridské legendy
|
| 655 |
|
4 |
|a hebridské mýty
|
| 700 |
1 |
|
|a Rysová, Hana,
|d 1945-
|7 jn20000728580
|4 pht
|
| 700 |
1 |
|
|a Gaja, Vojtěch,
|d 1912-1992
|7 jk01032254
|4 trl
|
| 700 |
1 |
|
|a Janoušková, Anděla,
|d 1921-1999
|7 jk01051086
|4 trl
|
| 765 |
0 |
|
|t Wind and wawe
|9 Česky
|
| 830 |
|
0 |
|a Ethnos (Dauphin)
|0 s
|
| 856 |
4 |
1 |
|u http://www.digitalniknihovna.cz/mzk/uuid/uuid:54f86310-55ee-11e5-bc53-005056827e52
|y Digitalizovaný dokument
|x NDK
|
| 910 |
|
|
|a BOA001
|b 2-1063.150
|b PK-0127.403
|
| 920 |
|
|
|a 000166898
|
| 990 |
|
|
|a BK
|
| 996 |
6 |
|
|b 2610099294
|c 2-1063.150
|l MZK
|r Sklad / do 1 hodiny
|n 7
|p p.v.
|w 000436413
|u 000010
|a 1
|e BOA001
|j MZK50
|s P
|
| 996 |
7 |
|
|b 3119007594
|c PK-0127.403
|l MZK
|r Sklad / do 1 hodiny
|n 12
|p kup
|w 000436413
|u 000020
|a 1
|e BOA001
|j MZK50
|s A
|